000 01070nam a22002531i 4500
003 SA-RiAUC
005 20250915065921.0
008 250910s1987 jo g d 000 0 ara c
040 _aJO-IrYU
_bara
_cSA-RiAUC
_erda
082 0 4 _a412
090 _a412
_bس ا م
100 1 _aالسامرائي، إبراهيم،
_d1923-2001
_eمؤلف.
245 1 2 _aالمجموع اللفيف :
_bمعجم في الموارد اللغوية التاريخية الحضارية /
_cإبراهيم السامرائي.
264 1 _aعمان، الأردن :
_bدار عمار،
_c1987.
300 _a208 صفحة،
_c24 سم
336 _aنص
_btxt
_2rdacontent
_3كتاب
337 _aبدون وسيط
_bn
_2rdamedia
338 _aمجلد
_bnc
_2rdacarrier
650 7 _aاللغة العربية
_xتعبيرات اصطلاحية
_2aucsh
650 7 _aاللغة العربية
_xمترادفات ومناقضات
_2aucsh
650 7 _aاللغة العربية
_xعناصر دخيلة
_vمعاجم
_2aucsh
942 _2ddc
_cBOOK
_n0
949 _aSA-JeALM
_d250910
_umohamedma123
_n1
999 _c11750
_d11750